| 000 | 00960nam a2200229 a 4500 | ||
|---|---|---|---|
| 001 | 41523 | ||
| 003 | BD-RjUL | ||
| 005 | 20211209053415.0 | ||
| 008 | 160601s1976 bg ||||| |||| 00| e ben d | ||
| 020 | _c: Tk. 16.00 | ||
| 035 | _a(BD-RjUL) 41641 | ||
| 040 |
_aBD-RjUL _bben _cBD-RjUL |
||
| 041 | _aben | ||
| 082 |
_223 _a891.4409 _bSAM 1976 |
||
| 245 | 0 | 0 |
_aসাম্প্রতিক ধারার প্রবন্ধ / _cআবদুল্লাহ আবু সায়ীদ সম্পাদনায় |
| 260 |
_aঢাকা : _bমুক্তধারা, _c১৯৭৬ |
||
| 300 |
_a২০৩ পৃ. ; _c২১ সেমি. |
||
| 650 |
_aবাংলা সাহিত্য _xইতিহাস ও সমালোচনা _9127607 |
||
| 650 |
_aBengali literature _xHistory and Criticism _9117020 |
||
| 700 |
_aসায়ীদ, আবদুল্লাহ আবু, সম্পাদনায় _9127608 |
||
| 942 |
_2ddc _cBK |
||
| 999 |
_c41523 _d41523 |
||